000 00376pab a2200157 454500
008 180718b2008 xxu||||| |||| 00| 0 eng d
100 _aDas, Shankar
245 _aWorking with individuals in urban settings
260 _c2008
300 _ap.203-19.
362 _aApr
650 _aSocial work
773 _aIndian Journal of Social Work
908 _aN
909 _a81472
999 _c81472
_d81472